000 01457nam a2200217 a 4500
008 150204s2013 ||||||||||||||||| || u
020 _a9780702042904
050 _aRS 403 Aul
100 _aAulton, Michael E
245 1 0 _aAulton's pharmaceutics: the design and manufacture of medicines. (4th ed.)
_cEdited By Michael E. Aulton [and] Kevin M.G. Taylor
250 _a4th ed.
260 _aEdinburgh
_bChurchill Livingstone/Elsevier
_c2013
300 _axiii, 894p.: ill.
350 _a80.95
650 _aPHARMACEUTICAL CHEMISTY
995 _aMEDICAL LIBRARY OPEN ACCESS
_e902603
_FCBU-SCHOOL OF MEDICINE LIBRARY (Ndola)
_I80.95
_jRS 403 Aul
_M3
_UAVAILABLE
_WMar 5, 2015
_y902603
_ZMedical Library Open Access Collection
995 _aMEDICAL LIBRARY OPEN ACCESS
_e902604
_FCBU-SCHOOL OF MEDICINE LIBRARY (Ndola)
_I80.95
_jRS 403 Aul
_M4
_UAVAILABLE
_WMar 5, 2015
_y902604
_ZMedical Library Open Access Collection
995 _aMEDICAL LIBRARY OPEN ACCESS
_e902602
_FCBU-SCHOOL OF MEDICINE LIBRARY (Ndola)
_I80.95
_jRS 403 Aul
_M2
_UAVAILABLE
_WMar 5, 2015
_y902602
_ZMedical Library Open Access Collection
995 _aMEDICAL LIBRARY OPEN ACCESS
_e902605
_FCBU-SCHOOL OF MEDICINE LIBRARY (Ndola)
_I80.95
_jRS 403 Aul
_M5
_UAVAILABLE
_WMar 5, 2015
_y902605
_ZMedical Library Open Access Collection
995 _aMEDICAL LIBRARY OPEN ACCESS
_e902601
_FCBU-SCHOOL OF MEDICINE LIBRARY (Ndola)
_I80.95
_jRS 403 Aul
_M1
_UAVAILABLE
_WMar 5, 2015
_y902601
_ZMedical Library Open Access Collection
999 _c63696
_d63696